| 000 | 00342nam a2200145Ia 4500 | ||
|---|---|---|---|
| 008 | 230917s9999||||xx |||||||||||||| ||und|| | ||
| 040 |
_e121069 _aMAIN |
||
| 041 | _aEnglish | ||
| 082 | _a327 G237F | ||
| 100 | _aGaur, Mahendra | ||
| 245 | 0 | _aForeign policy, annual 2007 | |
| 260 |
_aDelhi _bKalpaz _c2007 |
||
| 300 | _a918 p. | ||
| 942 | _cBK | ||
| 999 |
_c147028 _d147028 |
||